Countries with longest east-west difference - Statistics

General Stats
  • This quiz has been taken 221 times
    102 since last reset
  • The average score is 16 of 20
Answer Stats
Difference Country % Correct
171°21' Russia
99%
88°23' Canada
98%
279°20' France
97%
95°22' Australia
96%
150°48' United States
96%
45°09' Brazil
94%
61°13' China
93%
29°20' India
93%
37°30' Kazakhstan
92%
203°14' United Kingdom
92%
47°20' Indonesia
91%
31°40' Mexico
87%
31°56' Mongolia
83%
77°14' Netherlands
72%
31°03' Japan
70%
42°34' Norway
67%
36°49' New Zealand
63%
88°25' Denmark
62%
40°15' Kiribati
54%
43°03' Chile
48%
No matching quizzes found
Score Distribution
Percent of People with Each Score
Percentile by Number Answered
Your Score History
You have not taken this quiz since the last reset